| 000 | nam a22 7a 4500 | ||
|---|---|---|---|
| 999 |
_c233575 _d233575 |
||
| 003 | Nust | ||
| 005 | 20170309103751.0 | ||
| 008 | 170309b xxu||||| |||| 00| 0 eng d | ||
| 020 | _a9781853260711 | ||
| 040 | _cNust | ||
| 082 |
_a823.912 _bMUN |
||
| 100 | _aMunro, Hector Hugh | ||
| 245 |
_aThe collected short stories of saki / _cby Hector Hugh Munro |
||
| 260 |
_aLondon: _bWordsworth classic, _c1993 |
||
| 300 | _a494 p. | ||
| 650 | _aShort stories, English | ||
| 942 |
_2ddc _cBK |
||